[Event "35. DSenEM 65+"]
[Site "Bad Wildungen"]
[Date "2023.07.20"]
[Round "4.12"]
[White "Clemens, Christian"]
[Black "Bischoff, Ulrich"]
[Result "1/2-1/2"]
[WhiteElo "2225"]
[BlackElo "1912"]
[PlyCount "45"]
[EventDate "2023.??.??"]
[WhiteTeam "SC Braunschweig Gliesmarode 1869"]
[BlackTeam "Sfr. Erbach"]

1. c4 Nf6 2. g3 e6 3. Bg2 d5 4. Nf3 Be7 5. O-O O-O 6. b3 b6 7. Bb2 c5 8. e3 Nc6 9. d3 Bb7 10. Qe2 Qd7 11. Rd1 Rfd8 12. Nc3 Rac8 13. Rac1 Qc7 14. cxd5 Nxd5 15. Nxd5 Rxd5 16. d4 Rdd8 17. dxc5 Bxc5 18. a3 a5 19. Rxd8+ Qxd8 20. Ne5 Qe8 21. Nxc6 Bxc6 22. Qg4 Bf8 23. Bxc6 1/2-1/2

[Event "35. DSenEM 65+"]
[Site "Bad Wildungen"]
[Date "2023.07.20"]
[Round "4.13"]
[White "Buchal, Stephan"]
[Black "Vasiljev, Jurij"]
[Result "1-0"]
[WhiteElo "2211"]
[BlackElo "1953"]
[PlyCount "51"]
[EventDate "2023.??.??"]
[WhiteTeam "SAbt SV Werder Bremen"]
[BlackTeam "Schachfreunde Moers e. V."]

1. c4 c6 2. g3 d5 3. Nf3 Nf6 4. Bg2 g6 5. b3 Bg7 6. Bb2 O-O 7. O-O Nbd7 8. d3 Re8 9. Nbd2 e5 10. cxd5 cxd5 11. Rc1 b6 12. Rc2 Ba6 13. Qa1 e4 14. dxe4 dxe4 15. Nd4 Nc5 16. Nc4 Rc8 17. Rd1 Qe7 18. Ne3 Bb7 19. Rcd2 Rcd8 20. Ndf5 Qc7 21. Nxg7 Rxd2 22. Rxd2 Kxg7 23. Bxf6+ Kg8 24. Bh8 f5 25. Bd4 Ne6 26. Be5 1-0

[Event "35. DSenEM 65+"]
[Site "Bad Wildungen"]
[Date "2023.07.20"]
[Round "4.14"]
[White "Brettschneider, Karl"]
[Black "Brock, Friedemann"]
[Result "1/2-1/2"]
[WhiteElo "1949"]
[BlackElo "2175"]
[PlyCount "136"]
[EventDate "2023.??.??"]
[WhiteTeam "SC Leinfelden"]
[BlackTeam "TSG 1861 Taucha"]

1. c4 e5 2. Nc3 Nf6 3. g3 Bb4 4. Bg2 O-O 5. e3 Bxc3 6. bxc3 c6 7. d4 e4 8. c5 b6 9. Ba3 bxc5 10. Bxc5 Re8 11. Ne2 Ba6 12. O-O Nd5 13. Rc1 Bc4 14. Qd2 Na6 15. Ba3 Qa5 16. Bb4 Qxa2 17. Rc2 Qa4 18. Bd6 Re6 19. Bf4 f5 20. h4 Rf8 21. Rb1 d6 22. Bf1 Nac7 23. Rcc1 Qa6 24. Ra1 Qb7 25. Ra4 Nb6 26. Rb1 Nb5 27. Ra5 Bd3 28. Qa2 Bc4 29. Qb2 d5 30. Raa1 Bd3 31. Rd1 Nc4 32. Qb4 a5 33. Qb3 Ra8 34. Ra4 h6 35. Nc1 Bxf1 36. Kxf1 Qe7 37. Rxc4 dxc4 38. Qxc4 Na3 39. Qa4 Kh7 40. Nb3 Nb5 41. Rc1 Nc7 42. Nc5 Rf6 43. c4 Ne6 44. Qxc6 Nxc5 45. Qxa8 Nd3 46. Ra1 Qb4 47. Qxa5 Qxc4 48. Qa4 Nb4+ 49. Kg2 Ra6 50. Qd1 Rxa1 51. Qxa1 Qe2 52. Qf1 Qf3+ 53. Kg1 Nd3 54. Be5 g5 55. hxg5 hxg5 56. Qg2 Qd1+ 57. Qf1 Ne1 58. Kh2 Kg6 59. Kg1 Qa1 60. Kh2 Nf3+ 61. Kg2 Qxf1+ 62. Kxf1 Nxe5 63. dxe5 Kf7 64. Ke2 Ke6 65. Kd2 Kxe5 66. Kc3 Kd5 67. Kb4 g4 68. Kb5 Kd6 1/2-1/2

[Event "35. DSenEM 65+"]
[Site "Bad Wildungen"]
[Date "2023.07.20"]
[Round "4.15"]
[White "Hassenrueck, Helmut"]
[Black "Nosek, Reinhard"]
[Result "1-0"]
[WhiteElo "2162"]
[BlackElo "1933"]
[PlyCount "47"]
[EventDate "2023.??.??"]
[WhiteTeam "Schachgesellschaft-Gladbeck 19/2"]
[BlackTeam "SSV 1952 Torgau e. V."]

1. d4 d5 2. Nf3 Nf6 3. c4 c6 4. Nc3 Bg4 5. Ne5 Bh5 6. cxd5 Nxd5 7. Qb3 Nb6 8. e3 f6 9. g4 fxe5 10. gxh5 N8d7 11. Bd2 exd4 12. exd4 e5 13. dxe5 Nxe5 14. O-O-O Be7 15. Bf4 Qc7 16. Kb1 Rf8 17. Bg3 Nbd7 18. Bh3 Rd8 19. Rhe1 Qa5 20. Rxd7 Rxd7 21. Rxe5 Qd8 22. Bxd7+ Qxd7 23. Bh4 Rf7 24. Rxe7+ 1-0

[Event "35. DSenEM 65+"]
[Site "Bad Wildungen"]
[Date "2023.07.20"]
[Round "4.16"]
[White "Schumacher, Gottfried"]
[Black "Schwarz, Hans"]
[Result "1-0"]
[WhiteElo "2147"]
[BlackElo "1855"]
[PlyCount "87"]
[EventDate "2023.??.??"]
[WhiteTeam "Bad Neuenahr"]
[BlackTeam "SV Rochade Magdeburg 96"]

1. e4 e6 2. Nf3 d5 3. e5 c5 4. c4 Nc6 5. Nc3 Nge7 6. d3 Ng6 7. Qe2 d4 8. Ne4 Qc7 9. g3 Ncxe5 10. Nxe5 Qxe5 11. h4 Qc7 12. h5 Ne7 13. h6 Ng6 14. Bg2 f5 15. Ng5 Qe5 16. hxg7 Qxe2+ 17. Kxe2 Bxg7 18. Nxh7 Rb8 19. Bf3 Nf8 20. Bh5+ Kd7 21. Ng5 b6 22. Nf7 Bb7 23. f3 Rh7 24. Bf4 Ra8 25. Kf2 Bf6 26. Rae1 a6 27. a3 b5 28. b3 Be7 29. a4 b4 30. Ne5+ Kd8 31. Bf7 Rxh1 32. Rxh1 Bf6 33. Bh5 Ke7 34. Re1 Rd8 35. Nf7 Rc8 36. Nd6 Rc7 37. Nxf5+ Kd7 38. Bxc7 Kxc7 39. Nh4 Kd6 40. Ng6 Bg7 41. Bg4 e5 42. f4 Nd7 43. Bxd7 exf4 44. gxf4 1-0

[Event "35. DSenEM 65+"]
[Site "Bad Wildungen"]
[Date "2023.07.20"]
[Round "4.17"]
[White "Partenheimer, Axel"]
[Black "Launert, Martin"]
[Result "1-0"]
[WhiteElo "2123"]
[BlackElo "1849"]
[PlyCount "91"]
[EventDate "2023.??.??"]
[WhiteTeam "Duesseldorfer Schachklub 14/25 e"]
[BlackTeam "Sfr. Erbach"]

1. c4 e5 2. Nc3 Nc6 3. g3 f5 4. Bg2 Nf6 5. e3 Bb4 6. Nd5 a5 7. a3 Bc5 8. Ne2 e4 9. d4 exd3 10. Qxd3 d6 11. O-O O-O 12. Nec3 Ne5 13. Qe2 c6 14. Nf4 a4 15. h4 Qe8 16. Qc2 Qf7 17. Nxa4 Qxc4 18. Qxc4+ Nxc4 19. Nxc5 dxc5 20. Nd3 Nd7 21. b3 Nce5 22. Nf4 Re8 23. Bb2 c4 24. b4 Nb6 25. Rfc1 Nbd7 26. a4 Ra6 27. b5 cxb5 28. axb5 Rxa1 29. Bxa1 b6 30. Bd4 Nc5 31. Bxe5 Rxe5 32. Rxc4 Bb7 33. Rxc5 Rxc5 34. Bxb7 Rxb5 35. Bd5+ Kh8 36. Kf1 g6 37. Ke2 Rb2+ 38. Kf3 Kg7 39. Ne6+ Kf6 40. Nd4 h6 41. Bb3 g5 42. hxg5+ hxg5 43. Bc2 f4 44. gxf4 gxf4 45. Kxf4 b5 46. Ke4 1-0

[Event "35. DSenEM 65+"]
[Site "Bad Wildungen"]
[Date "2023.07.20"]
[Round "4.18"]
[White "Lehr, Thomas"]
[Black "Rydzewski, Klaus"]
[Result "1/2-1/2"]
[WhiteElo "1937"]
[BlackElo "2089"]
[PlyCount "82"]
[EventDate "2023.??.??"]
[WhiteTeam "Husumer SV von 1898"]
[BlackTeam "Schachverein Horst-Emscher 31"]

1. e4 e6 2. d4 d5 3. Nd2 f5 4. e5 c5 5. c3 Bd7 6. Ndf3 cxd4 7. cxd4 Nc6 8. Bd3 Qb6 9. Ne2 Bb4+ 10. Bd2 Nh6 11. O-O Bxd2 12. Qxd2 O-O 13. Rac1 Nb4 14. Bb1 Bb5 15. Rfe1 Bxe2 16. Qxe2 Rac8 17. Qd2 Nf7 18. Rc3 Nc6 19. Rb3 Qc7 20. Rc1 Qd7 21. Rbc3 Rc7 22. Qe2 g6 23. h4 Rfc8 24. Qb5 Rd8 25. Qe2 Rcc8 26. Qd2 Ne7 27. Rxc8 Rxc8 28. Rxc8+ Qxc8 29. Bd3 Qc6 30. Qc2 h6 31. Qd2 Kg7 32. Kh2 Qb6 33. Kh3 Nc6 34. Bb1 Qb4 35. Qxb4 Nxb4 36. g4 Nd8 37. a3 Nbc6 38. b4 a6 39. Kg3 Na7 40. Bd3 Ndc6 41. g5 h5 1/2-1/2

[Event "35. DSenEM 65+"]
[Site "Bad Wildungen"]
[Date "2023.07.20"]
[Round "4.19"]
[White "Steinmacher, Josef"]
[Black "Zimmermann, Rolf"]
[Result "1-0"]
[WhiteElo "1949"]
[BlackElo "2067"]
[Annotator "hugo5"]
[PlyCount "141"]
[EventDate "2023.??.??"]
[WhiteTeam "SF Bad Mergentheim"]
[BlackTeam "Duesseldorfer Schachklub 14/25 e"]

1. d4 d5 2. c4 e6 3. Nf3 Nf6 4. Nc3 c6 5. g3 Nbd7 6. cxd5 cxd5 7. Bg2 a6 8. O-O b5 9. Bf4 Bb7 10. Rc1 Rc8 11. Ne5 Be7 12. Nd3 O-O 13. h3 Qb6 14. Qd2 a5 15. Rfd1 Bc6 16. Ne5 Nxe5 17. Bxe5 b4 18. Nb1 Nd7 19. Bf4 Bb5 20. h4 Bf6 21. e3 Be7 22. Rxc8 Rxc8 23. Rc1 Qb7 24. Rc2 h6 25. Qc1 Rxc2 26. Qxc2 Bc6 27. h5 Nf6 28. Bf3 Ne8 29. Be2 Nd6 30. Nd2 a4 31. f3 f6 32. g4 Nf7 33. Kf2 e5 34. Bg3 Bd6 35. dxe5 Nxe5 36. f4 Nd7 37. Nf3 Nc5 38. Nd4 Ne4+ 39. Kg2 Bd7 40. Be1 Qb6 41. Qd3 Bc5 42. Bf3 Qb7 43. Bxe4 dxe4 44. Qc4+ Kh7 45. Qxc5 Bxg4 46. Kg3 Qd7 47. Qc6 Qxc6 48. Nxc6 Bxh5 49. Nxb4 f5 50. Nd5 Bd1 51. Bc3 Bc2 52. Ne7 g6 53. Bf6 Bb1 54. b4 Bxa2 55. b5 Bc4 56. b6 Ba6 57. Nc6 Kg8 58. Nd8 a3 59. b7 Bxb7 60. Nxb7 Kf7 61. Bh8 g5 62. Nd6+ Ke6 63. Nb5 a2 64. Nd4+ Kd5 65. Nxf5 gxf4+ 66. Kxf4 h5 67. Kg5 Ke6 68. Ng7+ Kd5 69. Nxh5 Kc4 70. Kf4 Kd3 71. Ng3 1-0

[Event "35. DSenEM 65+"]
[Site "Bad Wildungen"]
[Date "2023.07.20"]
[Round "4.20"]
[White "Mann, Klaus-Dieter"]
[Black "Neumann, Joachim"]
[Result "0-1"]
[WhiteElo "1908"]
[BlackElo "2032"]
[PlyCount "86"]
[EventDate "2023.??.??"]
[WhiteTeam "SV Osnabrueck von 1919"]
[BlackTeam "SC Agon Neumuenster"]

1. c4 c5 2. Nc3 g6 3. e3 Nf6 4. g3 d5 5. cxd5 Nxd5 6. Bg2 Nb4 7. d4 cxd4 8. a3 dxc3 9. Qxd8+ Kxd8 10. axb4 Bg7 11. Rb1 Nc6 12. bxc3 Bxc3+ 13. Bd2 Bxd2+ 14. Kxd2 Kc7 15. Ne2 Rd8+ 16. Kc3 a6 17. Nf4 e6 18. Rhc1 b6 19. Kb3 Bb7 20. Rc2 Rac8 21. Rbc1 Kd6 22. Bxc6 Rxc6 23. Rd1+ Ke7 24. Rxd8 Kxd8 25. Rd2+ Kc7 26. Ne2 Rd6 27. Rxd6 Kxd6 28. Nc3 Bc6 29. f4 e5 30. h4 exf4 31. exf4 Ke6 32. Kc4 h5 33. Nd1 Kf5 34. Nf2 Bb5+ 35. Kd4 a5 36. bxa5 bxa5 37. Kc5 Bd7 38. Kc4 a4 39. Kb4 Ke6 40. Nd3 Kd5 41. Ne5 Be8 42. Ka3 Ke4 43. Kb4 f6 0-1

[Event "35. DSenEM 65+"]
[Site "Bad Wildungen"]
[Date "2023.07.20"]
[Round "4.21"]
[White "Wolff, Stefan"]
[Black "Paus, Franz"]
[Result "1/2-1/2"]
[WhiteElo "1906"]
[BlackElo "2014"]
[PlyCount "79"]
[EventDate "2023.??.??"]
[WhiteTeam "SchVgg Blankenese von 1923 e.V."]
[BlackTeam "Schachfuechse Kempen 1986 e. V."]

1. c4 c5 2. g3 g6 3. Bg2 Bg7 4. Nc3 Nc6 5. e3 d6 6. Nge2 Nf6 7. d3 O-O 8. O-O e5 9. h3 Be6 10. f4 e4 11. Nxe4 Nxe4 12. dxe4 Bxc4 13. Qc2 Ba6 14. a3 Qb6 15. Rd1 Bxe2 16. Qxe2 Na5 17. Rb1 Nb3 18. Bd2 Nxd2 19. Qxd2 Rfd8 20. Bf1 Qc6 21. Qd5 Qxd5 22. Rxd5 Kf8 23. b4 b6 24. Rbd1 Ke7 25. Bb5 cxb4 26. axb4 Bc3 27. Bc6 Rac8 28. b5 a5 29. Kf2 a4 30. R5d3 Bb2 31. Bd5 a3 32. Bb3 Rc3 33. Rxc3 Bxc3 34. Rc1 Rc8 35. Ke2 Rc5 36. Kd3 Bb4 37. Rxc5 Bxc5 38. e5 dxe5 39. fxe5 h5 40. g4 1/2-1/2

[Event "35. DSenEM 65+"]
[Site "Bad Wildungen"]
[Date "2023.07.20"]
[Round "4.22"]
[White "Zimmermann, Manfred"]
[Black "Ehlert, Horst"]
[Result "0-1"]
[WhiteElo "1888"]
[BlackElo "2001"]
[PlyCount "117"]
[EventDate "2023.??.??"]
[WhiteTeam "Kieler Schachgesellschaft v.1884"]
[BlackTeam "SV Laatzen"]

1. d4 Nf6 2. Bf4 c5 3. e3 Qb6 4. b3 g6 5. Nf3 Bg7 6. c3 O-O 7. Nbd2 cxd4 8. Nc4 Qd8 9. exd4 b5 10. Nce5 d6 11. Nd3 Bb7 12. Be2 Nbd7 13. O-O Nb6 14. Rc1 Rc8 15. Bd2 Ne4 16. Ng5 Nxd2 17. Qxd2 h6 18. Nh3 e5 19. Rfd1 Qh4 20. Ne1 a6 21. dxe5 dxe5 22. Nf3 Qf6 23. Qd6 Rfd8 24. Qxf6 Bxf6 25. Rxd8+ Rxd8 26. Kf1 g5 27. Ne1 Rc8 28. f3 e4 29. fxe4 Bxe4 30. Nf2 Bg6 31. Ng4 Bg7 32. c4 f5 33. Nf2 bxc4 34. bxc4 Na4 35. Bd3 Kf7 36. Nd1 Nc5 37. Bc2 Ne4 38. Bxe4 fxe4 39. Ne3 Ke6 40. Ke2 Bd4 41. N1c2 Bc5 42. g4 h5 43. h3 Rb8 44. Nd1 Ke5 45. Nce3 h4 46. Ke1 Bf7 47. Ke2 Be6 48. Nd5 Rb7 49. N5e3 Kf4 50. Nd5+ Ke5 51. N5e3 a5 52. Ke1 Bxe3 53. Nxe3 Rb2 54. c5 Rh2 55. c6 Rxh3 56. Nf5 Rh1+ 57. Kd2 Rxc1 58. Kxc1 h3 59. c7 0-1

[Event "35. DSenEM 65+"]
[Site "Bad Wildungen"]
[Date "2023.07.20"]
[Round "4.23"]
[White "Koehler, Gerhard"]
[Black "Krum, Beate"]
[Result "1-0"]
[WhiteElo "2185"]
[BlackElo "1717"]
[PlyCount "107"]
[EventDate "2023.??.??"]
[WhiteTeam "USV Halle"]
[BlackTeam "SG Heidelberg-Kirchheim"]

1. c4 Nf6 2. Nc3 g6 3. e4 d6 4. d4 Bg7 5. Be2 O-O 6. Nf3 b6 7. O-O Bb7 8. Qc2 Nbd7 9. Rd1 Qc8 10. b3 e5 11. d5 Ne8 12. Be3 f5 13. Ng5 f4 14. Bd2 Nef6 15. Rac1 h6 16. Ne6 Rf7 17. b4 Nf8 18. Nxg7 Kxg7 19. Be1 N8h7 20. Na4 Qf8 21. c5 g5 22. Bb5 g4 23. cxd6 cxd6 24. Bc6 Rb8 25. Nc3 Ng5 26. Bd2 Kg6 27. Qd3 h5 28. Bxb7 Rbxb7 29. Nb5 h4 30. Rc6 Rbd7 31. h3 gxh3 32. gxh3 Kh6 33. Nc3 Rg7 34. Kf1 Qf7 35. Nb5 Qh5 36. Bxf4 exf4 37. Nxd6 Rxd6 38. Rxd6 Ngxe4 39. Re6 Qg5 40. Qxe4 Rg6 41. Re1 Qxd5 42. Qxd5 Nxd5 43. Rxg6+ Kxg6 44. a3 Kf5 45. Kg2 a5 46. bxa5 bxa5 47. Kf3 Nc7 48. Rc1 Ne6 49. Rc4 Ng5+ 50. Kg2 Ne6 51. Ra4 Ng7 52. Rxa5+ Ke4 53. Ra8 f3+ 54. Kf1 1-0

[Event "35. DSenEM 65+"]
[Site "Bad Wildungen"]
[Date "2023.07.20"]
[Round "4.24"]
[White "Krueger, Norbert"]
[Black "Chevelevitch, Evgueni"]
[Result "0-1"]
[WhiteElo "1971"]
[BlackElo "2368"]
[PlyCount "90"]
[EventDate "2023.??.??"]
[WhiteTeam "Ratinger Schachklub 1950"]
[BlackTeam "Hamburger SK von 1830 eV"]

1. e4 e5 2. Nc3 Nf6 3. Bc4 Nxe4 4. Qh5 Nd6 5. Qxe5+ Qe7 6. Qxe7+ Bxe7 7. Bb3 Nc6 8. Nf3 Na5 9. O-O Nxb3 10. axb3 b6 11. Nd5 Bd8 12. Re1+ Kf8 13. d4 Bb7 14. Nc3 Bxf3 15. gxf3 Nf5 16. Rd1 g5 17. d5 Kg7 18. Ne4 Kg6 19. Rd3 Re8 20. Bd2 Nh4 21. Ng3 f5 22. Kf1 Be7 23. c4 a5 24. h3 Bf8 25. Bc3 Rac8 26. Rad1 Bc5 27. Re1 Rxe1+ 28. Bxe1 Re8 29. Bc3 Ra8 30. Ne2 Kf7 31. Nd4 Bxd4 32. Bxd4 Ng6 33. Be3 Ne5 34. Rc3 Nxf3 35. Bxb6 Nd2+ 36. Ke2 Ne4 37. Bxc7 Nxc3+ 38. bxc3 a4 39. bxa4 Rxa4 40. Kd3 Ke7 41. Bb6 Ra1 42. Kd4 Re1 43. c5 Re4+ 44. Kd3 Rh4 45. d6+ Ke6 0-1

[Event "35. DSenEM 65+"]
[Site "Bad Wildungen"]
[Date "2023.07.20"]
[Round "4.25"]
[White "Tuertmann, Dieter"]
[Black "Podat, Vladimir"]
[Result "0-1"]
[WhiteElo "1953"]
[BlackElo "2265"]
[PlyCount "104"]
[EventDate "2023.??.??"]
[WhiteTeam "ESV 1949 Eberswalde e.V."]
[BlackTeam "SC Untergrombach 46"]

1. d4 Nf6 2. Nf3 g6 3. e3 Bg7 4. Bd3 d6 5. Nbd2 O-O 6. O-O Nbd7 7. c3 e5 8. Qc2 Re8 9. e4 d5 10. dxe5 dxe4 11. Nxe4 Nxe4 12. Bxe4 Nxe5 13. Nxe5 Bxe5 14. g3 Bh3 15. Bg2 Bxg2 16. Kxg2 Qd5+ 17. Kg1 Rad8 18. Be3 Qf3 19. Rad1 Kg7 20. Bd4 Bxd4 21. cxd4 c6 22. Rd3 Qd5 23. b3 Re4 24. Rfd1 Rde8 25. Qc3 h5 26. h4 R8e6 27. Rf1 Re2 28. a4 a6 29. Rf3 R2e4 30. Rd3 Re8 31. Rfd1 Kg8 32. Rf1 Rd8 33. Rfd1 Qe6 34. Re3 Rxe3 35. Qxe3 Qd6 36. Rd3 a5 37. Qd2 Qd5 38. b4 axb4 39. Qxb4 c5 40. Qc3 cxd4 41. Qd2 Kg7 42. f3 Qc5 43. a5 Rd5 44. Ra3 d3+ 45. Kg2 Qc2 46. Ra2 Rc5 47. Kh3 Qb3 48. Rb2 Qe6+ 49. g4 hxg4+ 50. fxg4 Qe4 51. Kg3 Rc4 52. Qd1 Qe5+ 0-1

[Event "35. DSenEM 65+"]
[Site "Bad Wildungen"]
[Date "2023.07.20"]
[Round "4.26"]
[White "Haubt, Georg"]
[Black "Krien, Hartmut"]
[Result "1/2-1/2"]
[WhiteElo "2074"]
[BlackElo "1943"]
[PlyCount "89"]
[EventDate "2023.??.??"]
[WhiteTeam "SV Oberursel"]
[BlackTeam "Schachklub Heidenau"]

1. d4 Nf6 2. Bf4 c5 3. e3 Qb6 4. Nc3 cxd4 5. exd4 Qxb2 6. Nb5 e5 7. Bd2 Bb4 8. Bxb4 Qxb4+ 9. c3 Qa5 10. dxe5 Ne4 11. Qd5 O-O 12. Qxe4 a6 13. Bd3 g6 14. Qb4 axb5 15. Qxa5 Rxa5 16. Nf3 Nc6 17. Kd2 b4 18. cxb4 Nxb4 19. Be4 Nc6 20. Bxc6 dxc6 21. Rhb1 Re8 22. h3 b5 23. Rc1 Bd7 24. Rc2 b4 25. Ke3 f6 26. Rd1 Ra7 27. Kf4 g5+ 28. Ke3 h6 29. Rd6 Ra3+ 30. Kd2 Bf5 31. Rb2 fxe5 32. Rxc6 e4 33. Ne1 e3+ 34. fxe3 Raxe3 35. Nf3 Bxh3 36. Rxh6 Bxg2 37. Nd4 Bf1 38. Rxb4 Rd3+ 39. Kc2 Rc8+ 40. Rc6 Rxc6+ 41. Nxc6 Ra3 42. Kb2 Ra6 43. Ne5 Kg7 44. Rg4 Kf6 45. Rg1 1/2-1/2

[Event "35. DSenEM 65+"]
[Site "Bad Wildungen"]
[Date "2023.07.20"]
[Round "4.27"]
[White "Keller, Harald"]
[Black "Hilbig, Dieter"]
[Result "1-0"]
[WhiteElo "2040"]
[BlackElo "1830"]
[PlyCount "73"]
[EventDate "2023.??.??"]
[WhiteTeam "SV Rottweil"]
[BlackTeam "ESV Gera"]

1. e4 c5 2. Nc3 a6 3. g3 Nc6 4. Bg2 g6 5. d3 Bg7 6. Nh3 d6 7. O-O e6 8. Be3 Nge7 9. Qd2 O-O 10. Bh6 Nd4 11. Bxg7 Kxg7 12. f4 f5 13. Nd1 Qc7 14. Ne3 Rb8 15. c3 Ndc6 16. g4 Bd7 17. Rae1 b5 18. exf5 exf5 19. gxf5 Nxf5 20. Nd5 Qc8 21. Ng5 h6 22. Ne4 Qd8 23. Ng3 Nce7 24. Nxe7 Nxe7 25. Rf3 Nd5 26. f5 g5 27. Nh5+ Kg8 28. Rg3 Nc7 29. f6 Kh8 30. h4 Be8 31. hxg5 Bxh5 32. Rge3 Re8 33. Rh3 Rxe1+ 34. Qxe1 Qe8 35. Rxh5 Kg8 36. Be4 Qe5 37. Qh4 1-0

[Event "35. DSenEM 65+"]
[Site "Bad Wildungen"]
[Date "2023.07.20"]
[Round "4.28"]
[White "Galow, Wolfgang Paul"]
[Black "Zilch, Lothar"]
[Result "1-0"]
[WhiteElo "2018"]
[BlackElo "1825"]
[PlyCount "115"]
[EventDate "2023.??.??"]
[WhiteTeam "FC Bayern Muenchen e.V."]
[BlackTeam "SV Alsfeld"]

1. Nf3 d5 2. e3 Bg4 3. c4 e6 4. Nc3 c6 5. cxd5 exd5 6. Qb3 Qb6 7. Qa4 Bxf3 8. gxf3 Nd7 9. d4 Ngf6 10. Bh3 Be7 11. Bd2 Qc7 12. Rc1 Nb6 13. Qa5 Qb8 14. b3 Qd6 15. Nb1 Nfd7 16. Qc3 a5 17. Qd3 a4 18. a3 axb3 19. Bb4 Qg6 20. Qxb3 Bxb4+ 21. Qxb4 Rb8 22. Nd2 Qf6 23. Rg1 g6 24. a4 Qe7 25. Qxe7+ Kxe7 26. a5 Nc8 27. Nb3 Ra8 28. a6 bxa6 29. Rxc6 Ncb6 30. Kd2 Rhc8 31. Rxc8 Rxc8 32. Ra1 Ra8 33. Bf1 Nb8 34. Kc3 Kd6 35. Ra5 Nc6 36. Rxa6 Na4+ 37. Kd2 Rxa6 38. Bxa6 Nb6 39. Bb5 f6 40. Bxc6 Kxc6 41. Nc5 Kd6 42. f4 Nc8 43. f3 Ne7 44. e4 dxe4 45. fxe4 h6 46. h4 Ng8 47. Ke3 Ne7 48. Nb7+ Kc7 49. Na5 Kd7 50. Nc4 Ke6 51. Kf3 f5 52. d5+ Kd7 53. d6 fxe4+ 54. Kxe4 Nf5 55. Kd5 Nxh4 56. Kc5 Ke6 57. Ne5 Nf5 58. d7 1-0

[Event "35. DSenEM 65+"]
[Site "Bad Wildungen"]
[Date "2023.07.20"]
[Round "4.29"]
[White "Boeven, Manfred"]
[Black "Dolezal, Hans-Peter"]
[Result "1-0"]
[WhiteElo "2007"]
[BlackElo "1815"]
[PlyCount "32"]
[EventDate "2023.??.??"]
[WhiteTeam "Schachfreunde Geilenkirchen 1984"]
[BlackTeam "FC Bayern Muenchen e.V."]

1. d4 Nf6 2. Nc3 e6 3. Nf3 Be7 4. e4 O-O 5. e5 Nd5 6. Ne4 d6 7. c4 Nb6 8. Bd3 dxe5 9. dxe5 Nc6 10. Qe2 Nd4 11. Nxd4 Qxd4 12. Bf4 Bb4+ 13. Kf1 Qd8 14. Rd1 Be7 15. Ng5 f5 16. exf6 Rxf6 1-0

[Event "35. DSenEM 65+"]
[Site "Bad Wildungen"]
[Date "2023.07.20"]
[Round "4.30"]
[White "Gollasch, Theo-Heinz"]
[Black "Meinke, Dietlind"]
[Result "1-0"]
[WhiteElo "1997"]
[BlackElo "1793"]
[PlyCount "51"]
[EventDate "2023.??.??"]
[WhiteTeam "Hamburger SK von 1830 eV"]
[BlackTeam "MTV Leck von 1889"]

1. Nf3 d5 2. g3 c5 3. Bg2 Nf6 4. O-O e6 5. c4 Nc6 6. cxd5 exd5 7. d4 c4 8. Nc3 Be7 9. Ne5 Be6 10. Qa4 Qb6 11. Bg5 Rd8 12. Nxc6 bxc6 13. Rfc1 h6 14. Bxf6 Bxf6 15. e3 O-O 16. b3 cxb3 17. axb3 Rb8 18. Qxa7 Qxa7 19. Rxa7 Rxb3 20. Rc7 Rc8 21. Rxc8+ Bxc8 22. Nxd5 Bd8 23. Nf4 g5 24. Ne2 Ba6 25. Bf1 Rb2 26. Rxc6 1-0

[Event "35. DSenEM 65+"]
[Site "Bad Wildungen"]
[Date "2023.07.20"]
[Round "4.31"]
[White "Biller, Helmut"]
[Black "Peter, Volkhard"]
[Result "1-0"]
[WhiteElo "1980"]
[BlackElo "1707"]
[PlyCount "69"]
[EventDate "2023.??.??"]
[WhiteTeam "SF Frankfurt 1921"]
[BlackTeam "SV Einheit Schwerin"]

1. d4 Nf6 2. Nf3 d5 3. c4 e6 4. g3 Bd6 5. Bg2 O-O 6. Nbd2 Re8 7. b3 Bb4 8. O-O Bc3 9. Rb1 Ne4 10. Bb2 Bxb2 11. Rxb2 Nc6 12. e3 Nf6 13. a3 e5 14. cxd5 Nxd5 15. Nxe5 Nxe5 16. dxe5 Nc3 17. Qc2 Nd5 18. Nc4 c6 19. Rd1 Qg5 20. f4 Qg6 21. Qxg6 fxg6 22. Bxd5+ cxd5 23. Rxd5 Be6 24. Rd4 Rac8 25. Kf2 Rf8 26. Nd6 Rc3 27. Nxb7 Bxb3 28. Nd6 Be6 29. a4 g5 30. Ne4 Rb3 31. Rxb3 Bxb3 32. Nxg5 h6 33. Ne4 g5 34. Rb4 Bd5 35. Nf6+ 1-0

[Event "35. DSenEM 65+"]
[Site "Bad Wildungen"]
[Date "2023.07.20"]
[Round "4.32"]
[White "Abel, Hans-Peter"]
[Black "Polster, Wolfgang"]
[Result "0-1"]
[WhiteElo "1761"]
[BlackElo "2223"]
[PlyCount "52"]
[EventDate "2023.??.??"]
[WhiteTeam "SC Leinfelden"]
[BlackTeam "SV 03/25 Koblenz"]

1. Nf3 c5 2. c4 Nc6 3. Nc3 g6 4. g3 Bg7 5. Bg2 e6 6. e3 Nge7 7. d4 cxd4 8. exd4 d6 9. O-O O-O 10. Rb1 Qb6 11. d5 Na5 12. Na4 Qc7 13. b3 exd5 14. Bf4 dxc4 15. Bxd6 Qd8 16. Bxe7 Qxe7 17. Re1 Be6 18. Qd2 b6 19. b4 Rad8 20. Qe2 Nc6 21. b5 Nd4 22. Nxd4 Rxd4 23. Rbc1 Qb4 24. Nc3 Rfd8 25. Rc2 Rd3 26. Rec1 Bxc3 0-1

[Event "35. DSenEM 65+"]
[Site "Bad Wildungen"]
[Date "2023.07.20"]
[Round "4.33"]
[White "Allgaier, Erik"]
[Black "Schmidt, Gerhard"]
[Result "1/2-1/2"]
[WhiteElo "1925"]
[BlackElo "2071"]
[PlyCount "59"]
[EventDate "2023.??.??"]
[WhiteTeam "Schachclub Hans Clauert Trebbin"]
[BlackTeam "Schachverein Kreuztal e. V."]

1. c4 Nf6 2. g3 g6 3. Bg2 Bg7 4. Nc3 O-O 5. Nf3 d6 6. O-O e5 7. d3 a5 8. Rb1 Re8 9. Bg5 h6 10. Bd2 c6 11. a3 d5 12. cxd5 cxd5 13. b4 axb4 14. axb4 Bf5 15. Qc1 Kh7 16. Nxd5 Nxd5 17. e4 Be6 18. exd5 Bxd5 19. Qc5 e4 20. dxe4 Bxe4 21. Bg5 Qc8 22. Rbe1 Bxf3 23. Qxc8 Rxc8 24. Bxf3 hxg5 25. Bxb7 Nd7 26. Rd1 Ne5 27. f4 gxf4 28. gxf4 Ng4 29. Bxa8 Rxa8 30. Rd7 1/2-1/2

[Event "35. DSenEM 65+"]
[Site "Bad Wildungen"]
[Date "2023.07.20"]
[Round "4.34"]
[White "Wulf, Adalbert"]
[Black "Zuehlke, Burkhard"]
[Result "0-1"]
[WhiteElo "1833"]
[BlackElo "1980"]
[PlyCount "80"]
[EventDate "2023.??.??"]
[WhiteTeam "Schachverein Ennigerloh-Oelde"]
[BlackTeam "SGem 1882 Fuerth"]

1. g3 g6 2. Bg2 Bg7 3. d4 d6 4. Nf3 Nf6 5. Bg5 O-O 6. Nbd2 c6 7. c3 Qb6 8. Qb3 Qc7 9. e4 e5 10. dxe5 dxe5 11. O-O Be6 12. Qc2 Nbd7 13. Rfe1 h6 14. Bxf6 Bxf6 15. Nf1 Kg7 16. Ne3 a5 17. c4 Rad8 18. Red1 Be7 19. h4 Bc5 20. Rd3 Nf6 21. Rxd8 Rxd8 22. Re1 Ng4 23. Nxg4 Bxg4 24. Rd1 Re8 25. Re1 Qb6 26. a3 a4 27. Re2 Qa6 28. Rd2 f6 29. Ne1 Be6 30. Bf1 Qa7 31. Kg2 Rf8 32. Nf3 g5 33. hxg5 hxg5 34. Bd3 Rh8 35. Bf1 Kg6 36. Bd3 b6 37. Rd1 Qh7 38. Kf1 Bg4 39. Be2 Qh1+ 40. Ng1 Bh3+ 0-1

[Event "35. DSenEM 65+"]
[Site "Bad Wildungen"]
[Date "2023.07.20"]
[Round "4.35"]
[White "Pundt, Wilfried"]
[Black "Elkendorf, Werner"]
[Result "1-0"]
[WhiteElo "1822"]
[BlackElo "1578"]
[PlyCount "51"]
[EventDate "2023.??.??"]
[WhiteTeam "SK Bremen-Nord"]
[BlackTeam "Schachfreunde Drensteinfurt e. V"]

1. e4 c5 2. b4 b6 3. Nf3 d6 4. Bc4 e6 5. bxc5 bxc5 6. O-O Ne7 7. d4 cxd4 8. Nxd4 Ba6 9. Nb5 Bxb5 10. Bxb5+ Nbc6 11. Ba3 Qb6 12. c4 Nc8 13. Qa4 Kd7 14. c5 dxc5 15. Nc3 Kc7 16. Rab1 Nd4 17. Rfd1 Qd6 18. Ba6 Kd8 19. Rxd4 Qxd4 20. Rd1 Rb8 21. Rxd4+ cxd4 22. Qxd4+ Kc7 23. Bxf8 Rb6 24. Nb5+ Kb8 25. Qe5+ Nd6 26. Bxd6+ 1-0